000 00652nam a2200217Ia 4500
005 20241129110107.0
008 241129s9999||||xx |||||||||||||| ||und||
020 _a978-1-5381-7794-5
037 _aTB
040 _aARTS
_beng
_cARTS
041 _aeng
_2eng
084 _aQ4.438 R3
_qARTS
100 _aSterken Robert Edward Au.
_9727195
245 0 _aKings of buddhism: power, religion, and fury in myanmar
_cSterken Robert Edward Au.
260 _aMaryland
_bLanham Rowman & Littlefield
_c2023
300 _axxx,241p.
365 _aUKP
_b30
650 _aReligionEthics
_9727196
942 _cTB
_hQ4.438 R3
999 _c1227278
_d1227278